000 00306 a2200133 4500
001 66211
082 _a670 SCH
090 _c38500
_d38500
100 _aSchey, John A
245 _aIntroduction to manufacturing processes
250 _a3
260 _aSingapore
_bMcGraw-Hill
_c2000
300 _axx, 940p.
942 _aNUST-CAE
_k670 SCH
999 _c301284
_d301284